Preklad ako komunikácia

Guardado en:
Detalles Bibliográficos
Autor principal: Hochel, Braňo
Formato: Libro
Lenguaje:eslovaco
Publicado: Bratislava Slovenský spisovateľ 1990
Edición:1. vyd.
Colección:Studia litteraria Zv.28
Etiquetas: Agregar Etiqueta
Sin Etiquetas, Sea el primero en etiquetar este registro!

MARC

LEADER 00000nam a2200000 4500
001 c035262
005 20250609123630.7
041 0 |a slo 
044 |a SK 
245 1 0 |a Preklad ako komunikácia  |c Braňo Hochel 
250 |a 1. vyd. 
264 1 |a Bratislava  |b Slovenský spisovateľ  |c 1990 
300 |a 148 s. 
490 1 |a Studia litteraria  |v Zv.28 
830 0 |a Studia litteraria  |v Zv.28 
100 1 |a Hochel, Braňo